Normal view
MARC view
- الزرقاء - الاردن - خرائط - الزرقاء - الاردن - اطالس
Entry Topical Term
001 - CONTROL NUMBER
- control field: 46181
003 - CONTROL NUMBER IDENTIFIER
- control field: JO-AjAnu
005 - DATE AND TIME OF LATEST TRANSACTION
- control field: 20230606081631.0
008 - FIXED-LENGTH DATA ELEMENTS
- fixed length control field: 230606|| aca||aabn | a|a d
040 ## - CATALOGING SOURCE
- Original cataloging agency: JO-AjAnu
- Transcribing agency: JO-AjAnu
150 ## - HEADING--TOPICAL TERM
- Topical term or geographic name entry element: الزرقاء - الاردن - خرائط - الزرقاء - الاردن - اطالس
670 ## - SOURCE DATA FOUND
- Source citation: Work cat.: (JO-AjAnu)23639: جامعة الزرقاء، الاردن, author 46180, أطلس محافظة الزرقاء